000
00296nam a2200109Ia 4500
008
190216s9999||||xx |||||||||||||| ||und||
100
_a
Hartley Withers
245
0
_a
Introduction To Business Accounting For Managers
260
_b
Prentice Hall Of India Pvt Ltd
_c
1965
300
_a
161p
942
_c
BK
999
_c
4651
_d
4651